000 00441cam a2200193ua 4500
020 _c3.00
041 _ahin
_h
082 _a891.54
_bZAK/SH
100 _aZakir, Hussain .
245 _aShiksha /
_cZakir Hussain.
_hTextual Documents
250 _a3 /
_b.
260 _aDelhi :
_bRajkamal Prakash ,
_c1961.
300 _a167 ; .
365 _a3.00
504 _a
942 _cBK
999 _c6368
_d6368